[Event "Olympiad-31"]
[Site "Moscow"]
[Date "1994.12.14"]
[Round "13.4"]
[White "Hodgson, Julian M"]
[Black "Tiviakov, Sergei"]
[Result "0-1"]
[WhiteElo "2580"]
[BlackElo "2640"]
[Annotator "Ribli,Z"]
[PlyCount "66"]
[EventDate "1994.12.01"]
[EventType "team-swiss"]
[EventRounds "14"]
[EventCountry "RUS"]
[SourceTitle "CBM 045"]
[Source "ChessBase"]
[SourceDate "1995.04.01"]
[SourceVersion "1"]
[SourceVersionDate "1995.04.01"]
[SourceQuality "1"]
[WhiteTeam "England"]
[BlackTeam "Russia"]
[WhiteTeamCountry "ENG"]
[BlackTeamCountry "RUS"]

1. c4 e5 2. Nc3 Nc6 3. g3 g6 4. Bg2 Bg7 5. Rb1 Nf6 6. b4 O-O 7. b5 (7. e3 $5
Ne7 8. Nge2 d5 9. cxd5 Nfxd5 10. O-O c6 11. Qc2 a5 12. bxa5 Qxa5 13. a4 Bg4 14.
Ba3 $14 {Vaganian,R-Giorgadze,G/Tilburg/1994/CBM44/}) 7... Ne7 8. Qb3 c5 9. d3
(9. bxc6 $6 dxc6 10. d3 Nf5 $15 {Hodgson,J-Tiviakov, /Groningen PCA/1993/CBM39/
INF59,28/}) 9... Nh5 (9... Nf5 10. e3 d6 11. Nge2 $14) 10. e3 d6 11. Nge2 Bf5
12. Ne4 (12. Qc2 Qd7 13. h3 Be6 14. g4 Nf6 15. e4 $13) 12... Qd7 13. h3 (13.
O-O Bh3 14. Bd2 Bxg2 15. Kxg2 f5 16. N4c3 f4 17. exf4 (17. f3 $5) 17... exf4
18. Nxf4 Nxf4+ 19. Bxf4 Rxf4 20. gxf4 Qg4+ 21. Kh1 Qf3+ 22. Kg1 Nf5 $1 23. Qd1
Qh3 $19) 13... Nf6 14. g4 $6 (14. N2c3 $5) (14. Nxf6+ Bxf6 15. Bb2 $13) 14...
Nxe4 15. dxe4 (15. gxf5 Nf6 16. fxg6 hxg6 (16... fxg6 $5) 17. Ng3 $13) 15...
Be6 16. Nc3 (16. f4 f5 17. exf5 gxf5 18. g5 d5 $36) 16... f5 $1 17. gxf5 gxf5
18. exf5 (18. Bd2 f4 $36) 18... Nxf5 19. h4 Qf7 20. Bd5 (20. Nd5 Nxh4 $19)
20... Bxd5 21. Nxd5 Nxh4 $1 22. Qc2 Qh5 23. Kf1 {[#]} Rxf2+ $1 24. Kxf2 (24.
Qxf2 Qd1+ 25. Qe1 Rf8+ 26. Nf4 Qf3+ 27. Kg1 Qg4+ 28. Kf2 Qg2#) 24... Qf3+ 25.
Ke1 (25. Kg1 Qg4+ 26. Kf1 Rf8+ 27. Ke1 Ng2+ 28. Kd2 Rf2+ $19) 25... Qxh1+ 26.
Kd2 e4 27. Qd1 Qg2+ 28. Qe2 Nf3+ 29. Kd1 Qg1+ 30. Kc2 Qg4 31. Qd1 Rf8 32. Qh1
Nd4+ 33. exd4 Qe2+ {Ribli} (33... Qe2+ 34. Kb3 Rf3+ 35. Nc3 cxd4 $19) 0-1

[Event "Sarajevo Bosnia 28th"]
[Site "Sarajevo"]
[Date "1998.06.03"]
[Round "6"]
[White "Georgiev, Kiril"]
[Black "Bareev, Evgeny"]
[Result "1/2-1/2"]
[WhiteElo "2675"]
[BlackElo "2675"]
[Annotator "Ribli,Z"]
[PlyCount "78"]
[EventDate "1998.05.29"]
[EventType "tourn"]
[EventRounds "9"]
[EventCountry "BIH"]
[EventCategory "15"]
[SourceTitle "CBM 066"]
[Source "ChessBase"]
[SourceDate "1998.09.30"]
[SourceVersion "1"]
[SourceVersionDate "1998.09.30"]
[SourceQuality "1"]

1. c4 e5 2. g3 Nc6 3. Bg2 g6 4. Nc3 Bg7 5. Rb1 {Das ist eine schlaue Zugfolge.
Weiß legt sich bezüglich seiner Springerstellung am Königsflügel noch nicht
fest, sondern beginnt sofort mit aktivem Spiel am Damenflügel.} f5 (5... d6 6.
b4 f5 7. b5 Nce7 8. e3 Nf6 9. Nge2 O-O 10. d4 (10. Nd5 Be6 11. Qb3 Nexd5 12.
cxd5 Bf7 13. d3 c6 14. e4 cxd5 15. exd5 Rc8 16. O-O Qc7 17. Ba3 Qc2 {0-1
Paehtz,T-Blatny,P/Poznan 1984 (43)}) 10... e4 11. a4 Be6 12. Qb3 Bf7 13. O-O
Kh8 14. a5 g5 15. f3 d5 16. fxe4 dxc4 17. Qc2 fxe4 18. Nxe4 Bg6 19. N2c3 Re8
20. Qf2 Ned5 21. Nxf6 Nxf6 22. Bxb7 Rb8 23. Bc6 Bxb1 24. Bxe8 Qxe8 25. Nxb1
Qxb5 26. Na3 Qc6 27. Qg2 Qxg2+ 28. Kxg2 c3 29. Rf5 $1 g4 30. Rc5 Ne4 31. Rxc7
Rf8 32. Nb5 {1-0 Mowsziszian,K-Andreasson,I/Benasque op 1997 (48)}) 6. b4 Nf6 (
6... e4 7. Bb2 Nf6 8. Nd5 O-O 9. d3 Nxd5 10. cxd5 Bxb2 11. Rxb2 Qf6 12. Qc1 Ne7
13. Nh3 Nxd5 14. O-O c6 15. dxe4 fxe4 16. Ng5 e3 17. f4 Nb6 18. Rb3 d5 19. Rxe3
Bf5 20. Qa1 Qxa1 21. Rxa1 Rfe8 {1/2-1/2 Azmaiparashvili,Z-Short,N/Elenite 1995
(31)}) 7. b5 {[%csl Gg2] Weiß entfaltet positionellen Druck am Damenflügel,
besonders sein Bg2 wirkt stark.} (7. e3 O-O 8. Nge2 e4 9. d3 exd3 10. Qxd3 d6
11. O-O Ne5 12. Qc2 c6 13. b5 Be6 14. Rd1 Qc7 15. bxc6 bxc6 16. Nd4 Bd7 17. Ba3
Rfe8 18. Qa4 a6 19. Nb3 Bf8 20. Qa5 Qa7 {Ubilava,E-Etchegaray,P/Zaragoza op
1993/1/2-1/2 (64)}) 7... Ne7 8. Qb3 d6 9. e3 {Weiß folgt dem Phillidor-Prinzip
und plaziert seinen Königsspringer hinten den Bauern.} (9. d3 h6 (9... Nd7 $5)
(9... O-O) 10. f4 (10. Nf3 O-O 11. c5+ {[%cal Gb3g8]} Kh7 12. cxd6 cxd6 13. O-O
$14) 10... exf4 11. gxf4 O-O 12. Nf3 Kh7 13. O-O Neg8 14. Kh1 Re8 15. e4 Nh5
16. Qc2 Ngf6 17. Bd2 Ng4 18. Rbe1 Be6 19. Ne2 c6 20. bxc6 bxc6 21. h3 {1-0
Dorfman,J-Fiol,F/Cannes Martinez op 1996 (40)}) (9. a4 Rb8 10. Ba3 Be6 11. e3
O-O 12. Nge2 g5 13. d4 Ng6 14. Nd5 Bxd5 15. cxd5 e4 16. Kd2 f4 17. gxf4 gxf4
18. Bh3 Kh8 19. Rhg1 Bh6 20. Kc2 Nh5 21. Rg4 fxe3 22. fxe3 Rf3 {0-1 Zeller,
F-Kindl,P/Boeblingen 1988 (40)}) 9... O-O 10. Nge2 Kh8 {Ein guter
prophylaktischer Zug, der den König vor Unannehmlichkeiten in der Diagonalen
a2-g8 bewahrt.} 11. d3 {Weiß hat mit der Rochade keine Eile. Sein König steht
in der Mitte sicher.} (11. O-O g5 $5) 11... a6 (11... g5 12. h4 $5 {Um sich
diese Möglichkeit zu erhalten, rochiert Weiß noch nicht.}) (11... Rb8 12. Qa4 {
[%csl Ra7]}) 12. a4 axb5 13. axb5 (13. cxb5 $5 $14) 13... c6 (13... g5 14. h4
g4 (14... gxh4 $6 15. Rxh4 Ng6 16. Rh1 $16 {[%csl Rh8]}) 15. d4 Nh5 16. dxe5
dxe5 17. Ba3 $5 {[%cal Ra3f8]} Rf7 (17... f4 18. Nd5 {[%csl Re7]} Nxd5 19. Bxd5
$5 $14 (19. Bxf8 Qxf8 20. Bxd5 Ra3 21. Qc2 fxg3 $1 22. fxg3 Rxe3 23. Rf1 Qa3
$44 {[%csl Re1]}))) 14. O-O Be6 15. Ba3 {[%cal Ga3f8]} Re8 $1 16. Rfc1 Bg8 $5
$11 {[%cal Gb1b7,Gc1c6] Weiß hat aktives Spiel am Damenflügel, aber die
schwarze Stellung wirkt fest.} 17. bxc6 (17. Qb4 c5 18. Qb3 Qd7 $11 {[%csl Ra3]
Zwar ist das Feld d5 schwach, aber es ist schwierig für Weiß, etwas Konkretes
zu unternehmen.}) 17... bxc6 18. Qb4 {[%cal Ra3d6]} d5 {Dieser aktive Zug ist
erzwungen. Nur auf den ersten Blick ist nämlich das schwarze Zentrum stark. In
Wirklichkeit muß Schwarz stets aufpassen, denn Weiß kontrolliert die
wichtigsten Punkte.} 19. cxd5 (19. Qd6 $6 dxc4 {[%cal Gg8c4]} 20. d4 exd4 21.
Nxd4 Nfd5 $13) 19... Nexd5 (19... cxd5 20. Nb5 $36 {[%csl Yc7,Yd6][%cal Rb5c7,
Rc7e8,Rc7a8]}) 20. Nxd5 Bxd5 $1 {Dynamisch gespielt. Zwar hat Schwarz die
Bauernschwäche c6, aber er erlangt aktives Figurenspiel.} (20... cxd5) 21. Qd6
(21. Bxd5 $2 Qxd5 {[%csl Yf3,Rg1,Yg2,Yh3]} 22. Qd6 Qf3 $40) 21... Qa5 (21...
Qxd6 22. Bxd6 $14) 22. Bb4 Qa6 23. Bf1 $8 (23. Bxd5 Nxd5 24. Rxc6 Qxd3 25. Re1
Bf8 $19 {[%csl Rb4][%cal Rf8b4]}) 23... Bf3 24. Qc5 Rad8 (24... Qxd3 25. Nd4
Ne4 $1 26. Bxd3 (26. Qxc6 Qxb1 27. Rxb1 exd4 $44 {Schwarz hat nur Turm und
Springer gegen die Dame, aber die Koordination seiner Figuren ist gut.}) 26...
Nxc5 27. Bxc5 exd4 28. exd4 $11 {und in dieser fast symmetrischen Stellung
sind die Schwächen beiderseitig.}) 25. Nc3 f4 $132 26. Ne4 Nxe4 27. dxe4 Qc8 {
[%csl Gf3]} 28. exf4 $5 (28. Ba5 {[%cal Ra5d8]} Bxe4 {[%cal Re4b1]} 29. Bxd8
Bxb1 30. Rxb1 Rxd8 31. Bg2 $11 {[%csl Rc6] Schwarz kann seinen Mehrbauern
nicht behaupten.}) 28... Bxe4 29. Ra1 exf4 {[%csl Ge4,Gg7] Als Preis für den
Mehrbauern zahlt Schwarz mit einer schwachen Königsstellung. Der Bauer c6 ist
nicht zunächst gefährlich.} 30. Bc3 fxg3 31. Bxg7+ Kxg7 32. Ra7+ {[%csl Rg7]}
Kh6 33. hxg3 {[%csl Ga7,Gc1,Gc5,Rc6,Rh6]} Qf5 (33... Qg4 34. Qc3 Qf3 35. Qxf3
Bxf3 36. Bg2 $11 {Der schwarze Mehrbauer ist angesichts seiner Schwäche nur
von symbolischer Bedeutung.}) 34. Qe3+ (34. Qxf5 gxf5 35. Bg2 Re6 36. Rc7 $11)
34... g5 (34... Qg5 $4 35. Rxh7+ Kxh7 36. Qxg5 $18) 35. Qc3 {[%csl Rh6][%cal
Rc3g7]} Qe5 36. Qxe5 Rxe5 37. Bg2 $11 {[%csl Rc6]} Bg6 $5 (37... Bxg2 $6 38.
Kxg2 {[%csl Ga7,Gc1,Rc6,Rh6][%cal Gc1h1,Gh1h6]} Rd6 39. Rh1+ Kg6 40. Raxh7 Kf5
$1 $11) 38. Bf3 Rd4 39. Bxc6 g4 {und in völlig gleicher Stellung erfolgte die
Punkteteilung.} 1/2-1/2

[Event "ARG-ch"]
[Site "Argentina"]
[Date "1995.??.??"]
[Round "1"]
[White "Spangenberg, Hugo"]
[Black "Rosito, Jorge"]
[Result "1-0"]
[WhiteElo "2490"]
[BlackElo "2340"]
[Annotator "Ribli,Z"]
[PlyCount "91"]
[EventDate "1995.??.??"]
[EventType "tourn"]
[EventRounds "15"]
[EventCountry "ARG"]
[EventCategory "9"]
[SourceTitle "CBM 049"]
[Source "ChessBase"]
[SourceDate "1995.12.01"]
[SourceVersion "1"]
[SourceVersionDate "1995.12.01"]
[SourceQuality "1"]

1. c4 e5 2. g3 Nc6 3. Bg2 g6 4. Nc3 Bg7 5. e3 d6 6. Nge2 Nf6 (6... Nge7 $5) 7.
h3 O-O 8. d4 Re8 $6 (8... exd4 9. exd4 h5 10. O-O Bf5 $13 {Webster,A-Akopian,V/
Oakham/1992/CBM30/}) 9. d5 $1 Na5 10. b3 c5 11. dxc6 bxc6 (11... Nxc6 12. O-O
$14 {>< d5,d6}) 12. Ba3 Bf8 13. Qd2 Bb7 14. Rd1 Re6 15. O-O {In einer
unbequemen Stellung verliert Schwarz die Geduld und opfert einen Bau- ern.} d5
$6 (15... Rc8 $5) 16. Bxf8 Kxf8 17. cxd5 cxd5 18. Nxd5 Bxd5 (18... Nxd5 19.
Bxd5 Rd6 20. Qb4 Kg7 21. Bxb7 $18) 19. e4 $1 {Dieser kraftvolle Zug widerlegt
das schwarze Spielkonzept.} (19. Bxd5 Rd6 20. Qb4 $6 Rb8 $44) 19... Rd6 20.
exd5 Qb6 {Ich sehe keine Kompensation fuer den Bauern.} 21. Qc3 Re8 (21... e4
22. Nf4 $16 {Droht /\ Ne6}) 22. Kh2 Nb7 23. b4 Qb5 24. Qd2 $5 (24. Qb2 $6 a5
$14) 24... Ra6 25. Rb1 Nd6 26. Nc3 Qc4 27. a4 {Droht /\ Rfd1 und Bf1.} Qd4 28.
Rfd1 Qxd2 (28... Rc8 $4 29. Qh6+ $18) 29. Rxd2 Rc8 30. Rb3 Rb6 31. b5 Nc4 (
31... Rc4 32. a5 Rb8 33. b6 axb6 34. axb6 Rbc8 35. Nb5 $16) 32. Rc2 Na5 33.
Rbb2 Rc4 34. Ra2 Rb8 (34... Rd4 35. Ne2 Rd1 36. Rc7 $18) 35. Nd1 Rbc8 36. Ne3
R4c5 (36... Rxc2 $5 37. Rxc2 $5 (37. Nxc2 Rc4 $14) 37... Rxc2 38. Nxc2 Ke7 39.
Nb4 Kd6 40. Nc6 Nxc6 41. dxc6 $16) 37. d6 $1 Nd7 (37... Ke8 $4 38. Bc6+ $18)
38. Rxc5 Rxc5 (38... Nxc5 39. Rc2 $18) 39. g4 $1 {Weiss will f5 und auch Nf6
verhindern.} h6 40. Nd5 Nc4 41. Nb4 Nxd6 {Schwarz hat keine andere Wahl, aber
jetzt verliert er forciert.} 42. Rd2 Ke7 43. Nc6+ Ke6 44. Nd8+ Ke7 45. Bc6 (45.
Rxd6 $5 Rc7 46. Nxf7 Kxf7 47. Bd5+ Kg7 48. a5 $18) 45... h5 (45... Nf6 46. Rxd6
$1 Kxd6 47. Nb7+ $18) 46. Nb7 $1 {Ribli} 1-0

[Event "Groningen"]
[Site "Groningen"]
[Date "1989.??.??"]
[Round "?"]
[White "Azmaiparashvili, Zurab"]
[Black "Piket, Jeroen"]
[Result "1/2-1/2"]
[WhiteElo "2575"]
[BlackElo "2540"]
[Annotator "Ribli,Z"]
[PlyCount "97"]
[EventDate "1989.12.??"]
[EventType "tourn"]
[EventRounds "9"]
[EventCountry "NED"]
[EventCategory "11"]
[SourceTitle "CBM 016"]
[Source "ChessBase"]
[SourceDate "1990.06.01"]
[SourceVersion "1"]
[SourceVersionDate "1990.06.01"]
[SourceQuality "1"]

1. c4 e5 2. Nc3 Nc6 3. g3 g6 4. Bg2 Bg7 5. Rb1 a5 6. a3 Nf6 7. e3 $5 O-O 8.
Nge2 d6 9. b4 axb4 10. axb4 Be6 11. Nd5 {11.d3,d5 =} e4 $5 12. Bb2 {12.Nxf6+,
Bxf6 13.Be4,Bxc4} Bxd5 (12... Nxd5 $1 13. cxd5 Bxd5 14. Bxg7 Kxg7 15. Nc3 {
15.Nf4,Ba2 16.Rb2,d5 17.Qa1,Bc4 18.Ra2+,Kg8 -/+} Bc4 16. Bxe4 d5 {=/+}) 13.
Bxf6 Qxf6 14. cxd5 Ne5 15. Bxe4 Nf3+ 16. Bxf3 Qxf3 17. O-O Qxd5 18. d4 c6 19.
Nf4 Qe4 20. Qd3 Qf3 21. Rfd1 $6 {21.Qd1! =} Ra2 22. Qf1 Re8 23. Rd3 Rea8 24.
Qg2 Qxg2+ 25. Nxg2 Rc2 26. Ne1 Re2 27. Rdb3 Raa2 28. Nd3 h5 29. h3 Bf6 30. Kf1
Red2 31. Kg2 Rac2 32. Kf3 Kg7 33. R3b2 Rxb2 34. Nxb2 b5 35. Nd1 d5 36. Nc3 Be7
37. Ne2 g5 38. Nc1 f5 39. Nb3 g4+ 40. hxg4 hxg4+ 41. Kg2 Rc2 42. Nc5 Bxc5 43.
dxc5 Ra2 44. Rd1 Ra4 45. Rd4 Kf6 46. Rf4 Ra2 47. Kg1 Rb2 48. Kf1 Ke7 49. Kg1
1/2-1/2

[Event "Groningen Festival (Women)"]
[Site "Groningen"]
[Date "1998.12.22"]
[Round "3"]
[White "Zhu, Chen"]
[Black "Socko, Monika"]
[Result "0-1"]
[WhiteElo "2480"]
[BlackElo "2470"]
[Annotator "Ribli,Z"]
[PlyCount "74"]
[EventDate "1998.12.20"]
[EventType "tourn"]
[EventRounds "10"]
[EventCountry "NED"]
[EventCategory "9"]
[SourceTitle "CBM 069"]
[Source "ChessBase"]
[SourceDate "1999.04.01"]
[SourceVersion "1"]
[SourceVersionDate "1999.04.01"]
[SourceQuality "1"]

1. c4 e5 2. Nc3 Nc6 3. g3 d6 4. Bg2 Be6 5. d3 Qd7 {Seinerzeit spielte
Ljubojevic gern diese Eröffnung. Schwarz spielt eigentlich eine geschlossene
sizilianische Variante, aber diese Zugfolge bietet Schwarz bei gutem weißem
Spiel keinen vollen Ausgleich. Ribli.} 6. Rb1 (6. Nd5) 6... g6 (6... a5) 7. b4
Bg7 8. Nd5 {Das Feld d5 ist schwach in der schwarze Stellung und es ist daher
logisch, daß Weiß es besetzen möchte, aber es wäre hier oder im nächsten Zug
nötig gewesen, b4-b5 zu ziehen.} (8. b5 Nd8 9. Nd5 (9. e3 Ne7 10. Nd5 Nc8 11.
Ba3 (11. Ne2 c6 12. bxc6 bxc6 13. h3 O-O 14. Qc2 f6 15. Ndc3 Ne7 16. Ba3 Nf7
17. Qb3 Rac8 18. Qb4 Rfe8 19. h4 h5 20. O-O g5 21. hxg5 fxg5 22. Rfd1 Ng6 {
1/2-1/2 Yusupov,A-Ehlvest,J/Reykjavik 1988/Inf 46 (22)}) 11... a6 12. bxa6 Rxa6
13. Qc1 O-O 14. Ne2 c6 15. Ndc3 Bh3 16. O-O Bxg2 17. Kxg2 Ne6 18. Rb3 f5 19. f3
Rf7 {1/2-1/2 Alterman,B-Svidler,P/Haifa 1996/CBM 54 (19)}) (9. a4 Ne7 10. Nd5
O-O 11. e3 (11. e4 Nc8 12. Ne2 c6 13. bxc6 bxc6 14. Ne3 Bh3 15. Bxh3 Qxh3 16.
f4 f5 17. exf5 gxf5 18. d4 exd4 19. Nxd4 Nb6 20. Nf3 Ne6 {0-1 Rahman,Z-Short,N/
Elista 1998/CBM 66 ext (51)}) 11... Nc8 (11... Bxd5 $5 {Vladimirov,E} 12. cxd5
c6 13. e4 (13. dxc6 bxc6 14. Ba3 Rb8 $132) 13... cxd5 14. exd5 b6 $5 15. Ne2
Nb7 16. O-O Nf5 $11) 12. Ba3 f5 (12... c6 13. bxc6 bxc6 14. Nc3 f5 15. Nce2 g5
16. Nh3 Qe7 17. f4 g4 18. Nf2 e4 19. dxe4 Bxc4 20. O-O fxe4 21. Bxe4 {1-0
Reizniece,D-Werner,I/Zagan 1997/CBM 59 ext (45)}) 13. a5 c6 14. Nc3 f4 $6 (
14... g5 $5) 15. Nf3 $1 fxe3 $2 16. fxe3 Bh6 17. Qe2 $16 {1-0 Gelfand,
B-Vladimirov,E/Moskva (GMA) 1990/Inf 49/[Gelfand,B] (23)}) 9... c6 (9... f5 $5)
10. bxc6 bxc6 11. Nc3 Ne7 12. Nf3 Bh3 $2 (12... h6 $14) 13. Bxh3 Qxh3 14. Ne4
Nc8 15. Rg1 $3 Qd7 16. g4 $1 $16 h6 (16... O-O 17. g5 f5 18. gxf6 Bxf6 19. c5
$16) 17. d4 {1-0 Kaidanov,G-Conquest,S/Protvino 1988/Inf 46/[Kaidanov,G] (38)})
(8. Nf3 {[%cal Gf3g5,Gg5e6]} Bh3 $5 (8... h6 9. Nd2 Nge7 10. Nd5 $14)) 8... Nd8
9. e4 $6 {Warum spielt Weiß nicht den Zug 9.b5? In diesem Fall hat sie nach 9..
.c6 10.bxc6 bxc6 mindestens die halboffene b-Linie.} (9. b5) 9... c6 10. Nc3 $6
(10. Ne3) 10... Ne7 11. Qa4 {Weiß verhindert den eventuellen
Zentrumsdurchbruch 11... d6-d5.} (11. Nge2 O-O 12. O-O d5 $15) 11... O-O 12. b5
(12. Nge2 f5 13. O-O f4 $40 {[%cal Gg7c3]}) 12... f5 $15 {Mit einfachen Zügen
erringt Schwarz die Initiative. Weiß hat Entwicklungsprobleme. Normalerweise
muß in dieser Variante der Zug ...f7-f5 immer mit dem Gegenzug f2-f4
beantwortet werden, aber in dieser Stellung ist das nicht möglich.} 13. Bg5 (
13. exf5 gxf5 $15) 13... h6 14. Bd2 (14. Bxe7 Qxe7 $15) 14... f4 $40 {Wenn
Schwarz diesen Zug durchsetzen kann, hat er die Initiative am Königsflügel.}
15. f3 g5 16. h4 $6 {In schlechter Stellung verwickelt Weiß die Stellung am
Königsflügel. Es wäre besser gewesen, endlich die Entwicklung zu beenden.} (16.
Nge2 $15) (16. g4 $6 Ng6 $17 {[%cal Gg6h4]}) 16... g4 17. gxf4 exf4 {[%csl Gg7]
[%cal Gg7c3]} 18. h5 $2 (18. fxg4 Bxg4 19. Nf3 $15) 18... Nf7 $17 {[%cal Gf7g5,
Gf7e5] Die Überführung des Springers ist für Weiß sehr unangenehm.} 19. Nce2 {
Weiß muß solche unnatürlichen Zügen machen, denn der auf ersten Blick
"normale" Zug 19.Nge2 verliert bereits sofort.} (19. Nge2 gxf3 20. Bxf3 Ne5 $19
) 19... Ne5 {[%csl Re1,Ge5][%cal Re5d3]} 20. Qc2 (20. Qa3 cxb5 21. cxb5 d5 $17)
20... cxb5 21. Rxb5 (21. cxb5 Rac8 $17 {[%cal Rc8c2]}) 21... Rac8 {[%cal Rd7b5]
} 22. Qb1 $2 (22. Rb1 d5 $17 (22... b5 $17)) {[#]} 22... Nxd3+ $1 23. Qxd3 Bxc4
{[%cal Rc4d3,Rc4b5]} 24. Qb1 Bxb5 $19 {Schwarz hat eine Qualität und zwei
Bauern mehr.} 25. Rh4 (25. Nxf4 Be5 $19) 25... Bc4 $6 (25... d5 $5 $19) 26.
Nxf4 (26. Rxg4 d5 $19 (26... Nc6 $19 {[%cal Rc6e5,Re5g4]})) 26... Nc6 {[%cal
Gc6e5]} 27. Ng6 (27. Rxg4 Ne5 28. Rg3 Rxf4 29. Bxf4 Nd3+ $19 {[%cal Rd3e1,
Rd3f4]}) 27... Ne5 28. Nxe5 (28. Nxf8 Rxf8 {Schwarz hat hier nur einen Bauern
mehr, aber die weiße Stellung ist völlig hoffnungslos.}) 28... dxe5 29. Rxg4 {
Weiß konnte den sofortigen Partieverlust vermeiden, aber mit der Qualität
weniger und der schwachen Königsstellung bieten sich kaum Rettungschancen.} Rf6
{[%cal Gf6a6] Schwarz verteidigt sich gegen 30.Bxh6 und aktiviert den Turm
über die 6. Reihe.} 30. Be3 Ra6 {[%csl Ra2]} 31. a3 Kh8 32. Qb2 Qd3 {[%csl Re1,
Re3][%mdl 24576] Der weiße König befindet sich im Mattnetz.} 33. Bd2 Rb6 {
[%csl Rb2,Re1][%cal Rb6b1]} 34. Qc3 Rb1+ {[%csl Re1]} 35. Kf2 Rf1+ $1 36. Bxf1
(36. Kg3 Rxg1 $19) 36... Qxf1+ 37. Ke3 Rd8 {[%csl Rc3,Re3][%cal Rd8d3,Rd3e3,
Rd3c3]} 0-1

[Event "Olympiad-31"]
[Site "Moscow"]
[Date "1994.12.09"]
[Round "8.2"]
[White "Xu, Jun"]
[Black "Gdanski, Jacek"]
[Result "1-0"]
[WhiteElo "2560"]
[BlackElo "2505"]
[Annotator "Ribli,Z"]
[PlyCount "91"]
[EventDate "1994.12.01"]
[EventType "team-swiss"]
[EventRounds "14"]
[EventCountry "RUS"]
[SourceTitle "CBM 045"]
[Source "ChessBase"]
[SourceDate "1995.04.01"]
[SourceVersion "1"]
[SourceVersionDate "1995.04.01"]
[SourceQuality "1"]
[WhiteTeam "China"]
[BlackTeam "Poland"]
[WhiteTeamCountry "CHN"]
[BlackTeamCountry "POL"]

1. c4 {Kharitonov} e5 2. g3 Nc6 3. Bg2 f5 4. Nc3 Nf6 5. d3 (5. e3 $5) 5... Bb4
(5... Bc5 6. e3 f4 7. exf4 (7. Nge2 $5) 7... O-O 8. Nge2 Qe8 9. O-O d6 10. Na4
Bd4 11. Nxd4 exd4 12. h3 h5 13. a3 a5 $44 {Saidy,A-Fischer,R/USA/1969/}) 6. Bd2
(6. Nf3 O-O 7. O-O Bxc3 8. bxc3 d6 9. Bg5 Qe8 10. Bxf6 Rxf6 11. Nd2 Ne7 12. e3
c6 $13 {Georgiev,Ki-Sokolov,I/Tilburg/1994/CBM44/}) (6. e3 {Kharitonov} Bxc3+
7. bxc3 e4 $1 8. d4 d6 9. h4 Qd7 10. Bf1 b6 11. Ba3 Ba6 12. Bb4 Ne7 13. Qc2 c5
$17 {Gurevich,M-Karner,H/Riga/1980/0:1/31/}) 6... O-O (6... a5 {Kharitonov} 7.
e3 Bxc3 8. Bxc3 d6 9. Nf3 O-O 10. O-O Kh8 11. b3 Qe7 12. Bb2 $14 {Kharitonov,
A-Ehlvest,J/Tallinn/1981/0,5/71/}) 7. Nf3 d6 8. O-O Kh8 (8... a6 9. Nd5 (9. a3
Bc5 10. b4 Ba7 $13) 9... Bxd2 10. Nxd2 Ne7 $10 {Serper,G-Eingorn,V/USSR/1991/
CBM25/} (10... Ne7 {Kharitonov} 11. b4 Nexd5 (11... c6 $32 12. Nxf6+ Rxf6 $10 {
Serper/}) 12. cxd5 Bd7 13. Qb3 Qe8 14. Rac1 Rc8 15. Rc3 f4 16. Rfc1 $14 {
Serper,G-Eingorn,V/URS/1991/0,5/47/})) 9. a3 (9. Nd5 {Kharitonov} Bxd2 10. Nxd2
Ne7 $10) 9... Bxc3 (9... Bc5 10. b4 Bb6 11. Na4 $14) 10. Bxc3 Qe8 (10... f4 $5)
(10... Qe7 {Kharitonov} 11. b4 Be6 12. Bb2 $14) 11. e3 Qh5 (11... h6 $5 {
Kharitonov /\Be6,Qf7+/-/}) 12. d4 $5 (12. Nd2 Qh6 13. Qe2 f4 $13) 12... e4 (
12... Ne4 13. Rc1 Nxc3 14. Rxc3 e4 15. d5 $14) (12... Qe8 {Kharitonov} 13. d5
Ne7 14. Nd2 {/\f4+/-/}) 13. d5 $5 exf3 (13... Ne7 14. Nd4 $14 (14. Nd4 {
Kharitonov} Qh6 15. Nb5 Ne8 16. f4 $16)) 14. Bxf6 $1 (14. dxc6 {Kharitonov}
fxg2 $19) (14. Bxf3 $6 {Kharitonov} Ng4 15. Bxg4 fxg4 16. dxc6 bxc6 $40) 14...
Rxf6 15. Bxf3 (15. dxc6 {Kharitonov} Rh6 $19) 15... Qe8 (15... Qh3 $2 16. Bg2
$18) 16. dxc6 bxc6 17. b4 Re6 (17... Bb7 18. Qc2 $14) 18. Qd4 Bb7 {>< c5} 19.
Qc3 Re5 20. Rfd1 Rb8 (20... a5 $5) 21. a4 a5 $6 (21... c5 22. Bxb7 Rxb7 23. b5
$14) (21... a6 $5 {Kharitonov}) 22. bxa5 (22. b5 {Kharitonov} cxb5 23. Bxb7 b4
$19) 22... Rc5 (22... Ra8 23. Rab1 (23. Rdb1 {Kharitonov} Bc8 24. Rb4 Rexa5 25.
Qb3 Bd7 26. Rb1 h6 27. Rb8 Qxb8 28. Qxb8+ Rxb8 29. Rxb8+ Kh7 30. Rb7 Rxa4 31.
Rxc7 Be6 32. Rxc6 Bxc4 33. Rxd6 Ra1+ 34. Rd1 Rxd1+ 35. Bxd1 $16) 23... Bc8 24.
Bxc6 $1 Qxc6 25. Qxe5 $18) 23. Rab1 Ba6 24. Rxb8 Qxb8 25. Be2 h6 (25... Qg8 26.
Rd4 $16) 26. Bd3 Qg8 27. Rc1 h5 (27... d5 28. Qd4 $18) (27... Qe6 {Kharitonov}
28. Qb4 Qg8 $14) 28. Qd4 Kh7 (28... Qe6 {Kharitonov} 29. Qh4 Qf7 30. e4 Bxc4
31. Bxc4 Rxc4 32. Rxc4 Qxc4 33. Qxh5+ Kg8 34. Qxf5 $18) (28... Rxa5 {Kharitonov
} 29. Qa7 Rxa4 (29... Qc8 30. Rb1 $18) 30. Qxc7 Bxc4 31. Qxc6 Bb3 32. Bxf5 $18)
(28... Qf7 $5 {Kharitonov} 29. Qh4 (29. e4 f4 30. Rb1 Bxc4 31. Rb8+ Kh7 32. e5+
Bxd3 33. Qxd3+ g6 $13) 29... Rxa5 30. Qg5 $36) 29. e4 $1 fxe4 (29... Bc8 {
Kharitonov} 30. exf5 Bxf5 31. a6 $18) 30. Qxe4+ g6 31. Qe7+ Qg7 32. Qe6 Qg8 (
32... Rxa5 {Kharitonov} 33. Re1 Rxa4 34. Qe8 $18) 33. Qe7+ (33. Qxg8+ {
Kharitonov} Kxg8 34. Bxg6 $18) 33... Qg7 34. Qd8 Rxa5 (34... Re5 {Kharitonov}
35. Qa8 $18) 35. Re1 Re5 36. Rxe5 dxe5 37. Qg5 Kg8 38. h4 (38. Bxg6 $18 {
Kharitonov}) (38. Qxg6 $18 {Kharitonov}) 38... e4 (38... Kf7 39. Qd8 $18 (39.
Qd8 {Kharitonov} Ke6 40. Qe8+ $18)) 39. Bxe4 Bxc4 40. Bxg6 Bd5 (40... Qa1+ 41.
Kh2 $18) 41. Qd8+ Qf8 42. Qxf8+ Kxf8 43. f4 c5 44. Kf2 c4 45. Ke3 c5 46. Bxh5
1-0